000 00648cam a22002291 4500
001 sa 67001504
003 DLC
005 20260227112323.0
008 890706s1962 ii 000 0 urdr
010 _asa 67001504
035 _a(OCoLC)19968738
040 _aDLC
_cWaU
_dDLC
041 0 _aurdara
042 _apremarc
050 0 0 _aBP45
_b.H8
100 1 _aHusaini, Qari Syed Kalimullah,
_d1904-
245 1 0 _aGuldastah-yi Qurʼān o ḥadīs̲.
260 _c[1962]
300 _a98 (i.e. 89) p. (p. [86]-89 advertisements)
_c18 cm.
500 _aArabic and Urdu; commentary in Urdu.
650 0 _aIslamic religious education
_xTextbooks.
999 _c72678
_d72678